| 000 | 00446 a2200157 4500 | ||
|---|---|---|---|
| 020 | _a0-582-04299-2 | ||
| 082 |
_a624.18 TAY _bL-1-P-17 |
||
| 090 |
_c2856 _d2856 |
||
| 100 |
_aTAYLOR, G.D _943077 |
||
| 245 | _aCONSTRUCTION MATERIALS | ||
| 260 |
_aSINGAPORE _bLONGMAN PUBLISHERS _c1991 |
||
| 300 |
_aIX, 532P. _bILL _c24CM |
||
| 500 | _aCIVIL ENGINEERING | ||
| 526 |
_a0 _b0 _c0 _d624_180000000000000_TAY_L1P17 |
||
| 942 |
_2ddc _aMCE _cBOOK _k624.18 TAY |
||
| 999 |
_c546879 _d546879 |
||